Statistics for African Coastal Countries

Click here to take the quiz!

General Stats

  • This quiz has been taken 782 times
    (776 since last reset)
  • The average score is 35 of 38

Answer Stats

Country% Correct
Egypt
98%
Morocco
98%
South Africa
98%
Algeria
97%
Angola
96%
Somalia
96%
Tunisia
96%
Libya
95%
Tanzania
95%
Eritrea
94%
Ghana
94%
Kenya
94%
Mozambique
94%
Namibia
94%
Senegal
94%
Djibouti
93%
Guinea
93%
Liberia
93%
Togo
93%
Benin
92%
Madagascar
92%
Cameroon
91%
Côte d’Ivoire
91%
Gambia
91%
Mauritania
91%
Cape Verde
90%
Dem. Rep. Congo
90%
Guinea-Bissau
90%
Seychelles
90%
Sierra Leone
90%
Equatorial Guinea
89%
Gabon
89%
Comoros
88%
Mauritius
88%
Nigeria
88%
Republic of the Congo
88%
São Tomé and Príncipe
86%
Sudan
83%

Score Distribution

Percentile by Number Answered

Percent of People with Each Score

Your Score History

You have not taken this quiz since the last reset